<?xml version="1.0" encoding="UTF-8"?><?xml-stylesheet type="text/xsl" href="static/style.xsl"?><OAI-PMH xmlns="http://www.openarchives.org/OAI/2.0/" xmlns:xsi="http://www.w3.org/2001/XMLSchema-instance" xsi:schemaLocation="http://www.openarchives.org/OAI/2.0/ http://www.openarchives.org/OAI/2.0/OAI-PMH.xsd"><responseDate>2026-04-17T19:11:10Z</responseDate><request verb="GetRecord" identifier="oai:www.recercat.cat:20.500.12328/1611" metadataPrefix="marc">https://recercat.cat/oai/request</request><GetRecord><record><header><identifier>oai:recercat.cat:20.500.12328/1611</identifier><datestamp>2025-05-16T12:49:46Z</datestamp><setSpec>com_2072_67741</setSpec><setSpec>col_2072_484352</setSpec></header><metadata><record xmlns="http://www.loc.gov/MARC21/slim" xmlns:dcterms="http://purl.org/dc/terms/" xmlns:xsi="http://www.w3.org/2001/XMLSchema-instance" xmlns:doc="http://www.lyncode.com/xoai" xsi:schemaLocation="http://www.loc.gov/MARC21/slim http://www.loc.gov/standards/marcxml/schema/MARC21slim.xsd">
   <leader>00925njm 22002777a 4500</leader>
   <datafield ind2=" " ind1=" " tag="042">
      <subfield code="a">dc</subfield>
   </datafield>
   <datafield ind2=" " ind1=" " tag="720">
      <subfield code="a">Herrero-Climent, Mariano</subfield>
      <subfield code="e">author</subfield>
   </datafield>
   <datafield ind2=" " ind1=" " tag="720">
      <subfield code="a">Ferreira de Lemos, Bernardo</subfield>
      <subfield code="e">author</subfield>
   </datafield>
   <datafield ind2=" " ind1=" " tag="720">
      <subfield code="a">Herrero-Climent, Mariano</subfield>
      <subfield code="e">author</subfield>
   </datafield>
   <datafield ind2=" " ind1=" " tag="720">
      <subfield code="a">Falcao-Costa, Carlos</subfield>
      <subfield code="e">author</subfield>
   </datafield>
   <datafield ind2=" " ind1=" " tag="720">
      <subfield code="a">Oliveira, Hélder Line</subfield>
      <subfield code="e">author</subfield>
   </datafield>
   <datafield ind2=" " ind1=" " tag="720">
      <subfield code="a">Herrera, Manuela</subfield>
      <subfield code="e">author</subfield>
   </datafield>
   <datafield ind2=" " ind1=" " tag="720">
      <subfield code="a">Gil, FJ</subfield>
      <subfield code="e">author</subfield>
   </datafield>
   <datafield ind2=" " ind1=" " tag="720">
      <subfield code="a">RÍOS-CARRASCO, BLANCA</subfield>
      <subfield code="e">author</subfield>
   </datafield>
   <datafield ind2=" " ind1=" " tag="720">
      <subfield code="a">Ríos-Santos, José-Vicente</subfield>
      <subfield code="e">author</subfield>
   </datafield>
   <datafield ind2=" " ind1=" " tag="260">
      <subfield code="c">2020</subfield>
   </datafield>
   <datafield ind2=" " ind1=" " tag="520">
      <subfield code="a">The aim of this study was to evaluate the effects of different implant sites an under-preparation sequence associated with two different implant designs on implant primary stability measured by two parameters: insertion torque (IT) and implant stability quotient (ISQ). It used two different implants: one cylindrical as a control and another one with a tapered design. The implants were inserted in type III fresh humid bovine bone and four drilling sequences were used: one control, the one proposed by the implant company (P1), and three different undersized (P2, P3 and P4). P2 was the same as P1 without the cortical drill, P3 was without the last pilot drill and P4 was without both of them. The sample size was n = 40 for each of the eight groups. Final IT was measured with a torquemeter and the ISQ was measured with Penguin resonance frequency analysis. Results showed that both ISQ and IT have a tendency to increase as the preparation technique reduces the implant site diameter when compared with the standard preparation, P1. The preparations without cortical drill, P2 and P4, showed the best results when compared with the ones with a cortical drill. Tapered implants always showed higher or the same ISQ and IT values when compared with the cylindrical implants. Giving the limitations of this study, it can be concluded that reducing implant preparation can increase IT and ISQ values. Removing the cortical drill and the use of a tapered design implant are also effective methods of increasing primary implant stability.</subfield>
   </datafield>
   <datafield ind1="8" ind2=" " tag="024">
      <subfield code="a">Herrero-Climent, Mariano; Ferreira Lemos, Bernardo; Herrero-Climent, Federico [et al.]. Influence of implant design and under-preparation of the implant site on implant primary stability: an In vitro study. International Journal of Environmental Research and Public Health, 2020, 17(12), p. 1-13. Disponible en: &lt;https://www.mdpi.com/1660-4601/17/12/4436/htm>. Fecha de acceso: 2 jul. 2020. DOI: 10.3390/ijerph17124436.</subfield>
   </datafield>
   <datafield ind1="8" ind2=" " tag="024">
      <subfield code="a">1660-4601</subfield>
   </datafield>
   <datafield ind1="8" ind2=" " tag="024">
      <subfield code="a">http://hdl.handle.net/20.500.12328/1611</subfield>
   </datafield>
   <datafield ind1="8" ind2=" " tag="024">
      <subfield code="a">https://dx.doi.org/10.3390/ijerph17124436</subfield>
   </datafield>
   <datafield tag="653" ind2=" " ind1=" ">
      <subfield code="a">Implants dentals</subfield>
   </datafield>
   <datafield tag="653" ind2=" " ind1=" ">
      <subfield code="a">Odontologia</subfield>
   </datafield>
   <datafield tag="653" ind2=" " ind1=" ">
      <subfield code="a">Implantes dentales</subfield>
   </datafield>
   <datafield tag="653" ind2=" " ind1=" ">
      <subfield code="a">Odontología</subfield>
   </datafield>
   <datafield tag="653" ind2=" " ind1=" ">
      <subfield code="a">Dental implants</subfield>
   </datafield>
   <datafield tag="653" ind2=" " ind1=" ">
      <subfield code="a">Odontology</subfield>
   </datafield>
   <datafield ind2="0" ind1="0" tag="245">
      <subfield code="a">Influence of implant design and under-preparation of the implant site on implant primary stability: an In vitro study</subfield>
   </datafield>
</record></metadata></record></GetRecord></OAI-PMH>